logo

Bir Sreshtho Munshi Abdur Rouf Library
Jhenaidah Cadet College

Shirley / (Record no. 6837)

MARC details
000 -LEADER
fixed length control field 00916nam a2200313 a 4500
001 - CONTROL NUMBER
JCCL Control Number 6837
003 - CONTROL NUMBER IDENTIFIER
JCCL marc code BD-JhCC
005 - DATE AND TIME OF LATEST TRANSACTION
control field 20180207094336.0
008 - FIXED-LENGTH DATA ELEMENTS--GENERAL INFORMATION
fixed length control field 180130s1849 enk 000 1 eng d
035 ## - SYSTEM CONTROL NUMBER
system control number (BD-JhCC)6837
035 ## - SYSTEM CONTROL NUMBER
system control number oxf98315288
040 ## - CATALOGING SOURCE
Original cataloging agency BD-JhCC
Transcribing agency SUC
Modifying agency BD-JhCC
041 ## - LANGUAGE CODE
Language code of Book eng
082 ## - DEWEY DECIMAL CLASSIFICATION NUMBER
Classification number 823.8
Author mark and Year BRO 1849
090 ## - LOCALLY ASSIGNED LC-TYPE CALL NUMBER (OCLC); LOCAL CALL NUMBER (OCLC)
Classification number (OCLC) (R) ; Classification number, CALL (RLIN) (NR) PR4167
Local cutter number (OCLC) ; Book number/undivided call number, CALL (RLIN) .S5 1849
100 1# - MAIN ENTRY--PERSONAL NAME
Personal name Brontë, Charlotte,
Dates associated with a name 1816-1855.
245 10 - TITLE STATEMENT
Title Shirley /
Statement of responsibility, etc Charlotte Bronte
260 ## - PUBLICATION, DISTRIBUTION, ETC. (IMPRINT)
Place of publication, distribution, etc London: :
Name of publisher, distributor, etc Smith, Elder and Co., 65, Cornhill.,
Date of publication, distribution, etc 1849..
300 ## - PHYSICAL DESCRIPTION
Pagination 165 p. :
Dimensions 20 cm.
490 ## - SERIES STATEMENT
Series statement The English Readers' Library
500 ## - GENERAL NOTE
General note "London: printed by Stewart and Murray, Old Bailey." - verso t.p.
504 ## - BIBLIOGRAPHY, ETC. NOTE
Bibliography, etc Includes bibliography
650 ## - SUBJECT ADDED ENTRY--TOPICAL TERM
Topical term or geographic name as entry element Fictions
710 2# - ADDED ENTRY--CORPORATE NAME
Corporate name or jurisdiction name as entry element Smith, Elder, and Co.,
710 2# - ADDED ENTRY--CORPORATE NAME
Corporate name or jurisdiction name as entry element Stewart and Murray,
752 ## - ADDED ENTRY--HIERARCHICAL PLACE NAME
Country or larger entity England
City London
942 ## - ADDED ENTRY ELEMENTS (KOHA)
Source of classification or shelving scheme Dewey Decimal Classification
Koha item type Books
Holdings
Source of classification or shelving scheme Damaged status Not for loan Home library Current library Shelving location Total Checkouts Full call number Barcode Date last seen Copy number Koha item type
Dewey Decimal Classification     JCC Rouf Library JCC Rouf Library General Stacks   823.8 BRO 1849 9373 01/30/2018 C-1 Books

JCC Library | Contacts | JCC Home

Last Update on 23 September 2017
Copyright @ 2017-2020 JCC Rouf Library
Rouf Library, Jhenidah Cadet College (JCC), Bangladesh